ՀՀ Գիտությունների ազգային ակադեմիայի հիմնարար գիտական գրադարան  =   Fundamental Scientific Library of NAS RA

Մոխրագույնի հիսուն երանգները : (Record no. 366487)

MARC details
000 -LEADER
fixed length control field 01136nam a2200253 i 4500
001 - CONTROL NUMBER
control field 001142986
003 - CONTROL NUMBER IDENTIFIER
control field AM-YeHGA
005 - DATE AND TIME OF LATEST TRANSACTION
control field 20250618074526.0
008 - FIXED-LENGTH DATA ELEMENTS--GENERAL INFORMATION
fixed length control field 160421s2016 ai ||||er|||||000|1|arm||
020 ## - INTERNATIONAL STANDARD BOOK NUMBER
International Standard Book Number 9789939518725
040 ## - CATALOGING SOURCE
Original cataloging agency AM-YeHGA
041 1# - LANGUAGE CODE
Language code of text/sound track or separate title arm
Language code of original eng
090 ## - LOCALLY ASSIGNED LC-TYPE CALL NUMBER (OCLC); LOCAL CALL NUMBER (RLIN)
-- 368352
100 1# - MAIN ENTRY--PERSONAL NAME
Personal name Ջեյմս, Է.Լ.
Miscellaneous information (Էրիկա Լեոնարդ),
Dates associated with a name 1963-
245 10 - TITLE STATEMENT
Title Մոխրագույնի հիսուն երանգները :
Remainder of title Վեպ /
Statement of responsibility, etc. Է Լ Ջեյմս ; Անգլերենից թարգմանեց՝ Ա.Ա. Մարտիրոսյանը ; Խմբագիր՝ Ա Նիկողոսյան.
260 ## - PUBLICATION, DISTRIBUTION, ETC.
Place of publication, distribution, etc. Երևան :
Name of publisher, distributor, etc. Անտարես,
Date of publication, distribution, etc. 2016.
300 ## - PHYSICAL DESCRIPTION
Extent 555 էջ ;
Dimensions 21 սմ.
490 1# - SERIES STATEMENT
Series statement New York Times-ի # 1 բեսթսելեր
650 14 - SUBJECT ADDED ENTRY--TOPICAL TERM
Topical term or geographic name entry element Անգլիական արձակ
Chronological subdivision 21-րդ դար
9 (RLIN) 8689
650 14 - SUBJECT ADDED ENTRY--TOPICAL TERM
Topical term or geographic name entry element Կին-տղամարդ հարաբերություններ
Form subdivision Գեղարվեստական արձակ
700 1# - ADDED ENTRY--PERSONAL NAME
Personal name Մարտիրոսյան, Ա.Ա
Relator term թարգմանիչ
Relationship trl
700 1# - ADDED ENTRY--PERSONAL NAME
Personal name Նիկողոսյան, Արքմենիկ Հրայրի,
Dates associated with a name 1979-
Relator term խմբագիր
Relationship edt
9 (RLIN) 4117
830 #0 - SERIES ADDED ENTRY--UNIFORM TITLE
Uniform title New York Times-ի # 1 բեսթսելեր
Holdings
Withdrawn status Lost status Damaged status Not for loan Collection Home library Current library Date acquired Cost, normal purchase price Shelving control number Total checkouts Full call number Barcode Date last seen Price effective from Koha item type Public note
        General Fundamental Scientific Library Fundamental Scientific Library 11/01/2017 5000.00     AII/101928 FL0436493 11/01/2017 11/01/2017 Գրքեր / Books 30 Days Loan


ՀՀ ԳԱԱ հիմնարար գիտական գրադարան
ՀՀ,Երևան 0019
Մարշալ Բաղրամյան 24/6
հեռախոս:(374-10) 52-47-50
Հետադարձ կապ

All site content, except where otherwise noted, is licensed under a
Creative Commons License